000 00455nam a2200169Ia 4500
005 20250423095331.0
008 250422s9999 xx 000 0 und d
020 _a1-55209-456-1
050 _aBF 637 .B85 Z19/
100 _aZarzour, Kim
245 0 _aFacing the schoolyard bully :
_b how to raise an assertive child in an aggressive world
260 _aBuffalo, N.Y.
260 _bFirefly Books
260 _c2000
300 _a234 p
942 _cBK
999 _c29955
_d29955